000 00213nam a2200085Ia 4500
008 120527s9999 xx 000 0 und d
100 _aAmado, Novak. A
245 _aFriendships and community connections
942 _cBK
999 _c27489
_d27489